Pursuit of Happiness-Kid Cudi Lyric Quiz - Statistics

General Stats
  • This quiz has been taken 38 times
  • The average score is 253 of 415
Answer Stats
Answer % Correct
A
97%
I
97%
Happiness
90%
And
87%
Know
87%
Of
87%
On
87%
Pursuit
87%
The
87%
It
84%
Do
77%
Every
77%
Im
77%
Be
74%
That
74%
Get
71%
Gold
71%
Lit
71%
Shine
71%
Bit
68%
Everything
68%
everything
68%
Night
68%
Fine
65%
Gon
65%
Good
65%
Ill
65%
AM
61%
Am
61%
Hit
61%
Me
61%
No
61%
Roll
61%
Take
61%
To
61%
Always
58%
Crush
58%
Little
58%
Up
58%
What
58%
You
58%
Aint
55%
Care
55%
Gonna
55%
Once
55%
Dont
52%
In
52%
Two
52%
About
48%
If
48%
My
48%
Out
48%
Screaming
48%
So
48%
Tell
48%
Driving
45%
Fall
45%
Feeling
45%
Nothin
45%
Summer
45%
Why
45%
Yeah
45%
Die
42%
Doing
42%
Dreamin
42%
Fuck
42%
Na
42%
People
42%
Really
42%
Terrors
42%
Want
42%
Five
39%
Full
39%
Just
39%
Sorrow
39%
Tomorrow
39%
Back
35%
Bullets
35%
Dreams
35%
Drunk
35%
Hand
35%
Hey
35%
Rolling
35%
Slow
35%
Thang
35%
Wheel
35%
Turning
32%
Waking
32%
Bed
29%
Fullest
29%
Lived
29%
Right
29%
Some
29%
Awake
26%
Drink
26%
Lay
26%
Life
26%
Living
26%
Missed
26%
Oh
26%
Sky
26%
Trials
26%
Ima
23%
Looking
23%
Man
23%
Rather
23%
Side
23%
Sweats
23%
Them
23%
Cold
19%
Did
19%
God
19%
Smoke
19%
Told
19%
Much
16%
Ahead
13%
Getting
13%
Midwest
10%
Mm
10%
Our
6%
Ratatat
6%
Pat
3%
Rooms
3%
Spinning
3%
Ugh
3%
Zuli
3%
Alright
0%
Wait
0%
No matching quizzes found
Score Distribution
Percent of People with Each Score
Percentile by Number Answered
Your Score History
You have not taken this quiz